000 00259nam a2200109Ia 4500
008 220204s9999 xx 000 0 und d
082 _a82-3MB
_bLIN
100 _aLindsay, Rachel
245 0 _aMan of ice
260 _aLondon
_bMills and Boon
_c1979
942 _cBK
999 _c35687
_d35687